| 000 | 00693nam0a22002531 4500 | ||
|---|---|---|---|
| 001 | RU\NLR\INFOCOMM10\ROSSICA\1000008830 | ||
| 005 | 20250613192407.0 | ||
| 035 | _a(NLR Aleph) 009950644 | ||
| 090 |
_a10786478 _c10786478 |
||
| 100 | _a20030623d1848 |||y0rusy50 ca | ||
| 101 | 0 | _afre | |
| 102 | _aRU | ||
| 105 | _ay ||||000ay | ||
| 200 | 1 |
_aDescription de quelques objets antiques, trouvés dans le district de Zwénigorod _fA.B. Tchertkoff |
|
| 210 |
_aMoscou _d1848 |
||
| 215 | _d8° | ||
| 700 | 1 |
_aTchertkoff _bA.B. _4070 |
|
| 801 | 1 |
_aRU _bInfoComm _c20030623 |
|
| 801 | 0 |
_aRU _bNLR _gPSBO |
|
| 852 |
_aNLR _j13.9.3.705 |
||
| 942 | _cBOOK | ||
| 980 | _aNB | ||
| 980 | _aRossica | ||